logo

Bir Sreshtho Munshi Abdur Rouf Library
Jhenaidah Cadet College

সেই দুঃসময় : (Record no. 7579)

MARC details
000 -LEADER
fixed length control field 00762nam a2200229 a 4500
003 - CONTROL NUMBER IDENTIFIER
JCCL marc code BD-JhCC
005 - DATE AND TIME OF LATEST TRANSACTION
control field 20181006124754.0
008 - FIXED-LENGTH DATA ELEMENTS--GENERAL INFORMATION
fixed length control field 180211s2000 bg |||| |||| 000 0 ben d
020 ## - INTERNATIONAL STANDARD BOOK NUMBER
International Standard Book Number 9844041275
035 ## - SYSTEM CONTROL NUMBER
system control number (BD-JhCC)
040 ## - CATALOGING SOURCE
Original cataloging agency BD-JhCC
Modifying agency BD-JhCC
041 ## - LANGUAGE CODE
Language code of Book ben
082 ## - DEWEY DECIMAL CLASSIFICATION NUMBER
Classification number 894.448
Author mark and Year PAY 2000
100 ## - MAIN ENTRY--PERSONAL NAME
Personal name Payne, Robert
245 ## - TITLE STATEMENT
Title সেই দুঃসময় :
Remainder of title The Tortured and the Damned / Robert Payne
Statement of responsibility, etc Robert Payne ভাষান্তর : সিদ্দিকুর রহমান,
260 ## - PUBLICATION, DISTRIBUTION, ETC. (IMPRINT)
Place of publication, distribution, etc ঢাকা :
Name of publisher, distributor, etc অনুপম প্রকাশনী,
Date of publication, distribution, etc 2000.
300 ## - PHYSICAL DESCRIPTION
Pagination 271 p. :
Dimensions 22 cm.
650 ## - SUBJECT ADDED ENTRY--TOPICAL TERM
Topical term or geographic name as entry element Bengali Novel
700 ## - ADDED ENTRY--PERSONAL NAME
Personal name রহমান, সিদ্দিকুর
942 ## - ADDED ENTRY ELEMENTS (KOHA)
Source of classification or shelving scheme Dewey Decimal Classification
Koha item type Books
Holdings
Source of classification or shelving scheme Damaged status Not for loan Home library Current library Shelving location Date of accession Cost, normal purchase price Total Checkouts Full call number Barcode Date last seen Copy number Koha item type
Dewey Decimal Classification     JCC Rouf Library JCC Rouf Library General Stacks 02/11/2018 200.00   894.448 PAY 2000 9798 02/11/2018 C-1 Books

JCC Library | Contacts | JCC Home

Last Update on 23 September 2017
Copyright @ 2017-2020 JCC Rouf Library
Rouf Library, Jhenidah Cadet College (JCC), Bangladesh